| 000 | 00786nam a2200253 a 4500 | ||
|---|---|---|---|
| 999 |
_c1155 _d1155 |
||
| 008 | 191205s2008 ii ad||g |||| 001 0 eng d | ||
| 020 |
_a9788120331587 _cRs. 599.00 |
||
| 040 |
_aKO _beng |
||
| 041 | 0 | _aeng | |
| 044 | _aii | ||
| 082 | 0 | 4 |
_223 _a658.7 _bC4558 |
| 100 | 1 | _aChopra, Sunil | |
| 245 | 1 | 0 |
_aSupply Chain Management : _bstrategy, planning and operation / _cSunil Chopra and Peter Meindl |
| 250 | _a3rd ed. | ||
| 260 |
_aNew Delhi : _bPrentice Hall of India Private Limited , _c2008. |
||
| 300 |
_axv, 536 p. : _bill. ; _c26 cm. |
||
| 504 | _aIncludes Index. | ||
| 650 | 0 |
_aPhysical distribution of goods _xManagement _vTextbooks |
|
| 650 | 0 |
_aDelivery of goods _xManagement _vTextbooks |
|
| 700 |
_aMeindl, Peter _eaut |
||
| 904 | _aA_BOSE | ||
| 942 | _cBK | ||